| 000 | 00811nam a2200217Ia 4500 | ||
|---|---|---|---|
| 999 |
_c5308 _d5308 |
||
| 003 | OSt | ||
| 005 | 20200611114652.0 | ||
| 008 | 191128s1969 fr ad fr 000 0 fre d | ||
| 040 |
_aCO-JMCR _cCO-JMCR |
||
| 041 | 0 | _afre | |
| 082 | 0 | 4 |
_a330.007 / _bP461r _223 |
| 100 | 1 |
_aPerroux, François, _edirector _94893 |
|
| 245 | 1 | 0 |
_aRecherche et activité économique / _cDirector François Perroux |
| 260 |
_aParis : _bArmand Colin, _c1969 |
||
| 300 |
_a508 páginas : _bgráficos a blanco y negro ; _c18 cm. |
||
| 490 | 0 | _aCollection U | |
| 504 | _aBibliografía: páginas 480-487 | ||
| 505 | 0 | _aPropos de départ : recherche scientifique et activité économique -- Problémes généraux. Notions et données de base -- Plan scientifique. Politique scientifique | |
| 650 | 1 | 4 |
_aEconomía _94894 |
| 942 |
_2ddc _cBK |
||